| 000 | 00483cam a2200205 4500 | ||
|---|---|---|---|
| 001 | J2898 | ||
| 008 | 090401t1992 xxu||||| |||| 00| 0 eng d | ||
| 035 | _a(Sirsi) u51761 | ||
| 041 | _aeng | ||
| 050 | _a808.066 | ||
| 100 | _aSmith, N. | ||
| 245 | _aReport writing and the use of plain English. | ||
| 260 |
_bDrivers Jonas _c1992 |
||
| 300 | _a15p. ; 30cm. | ||
| 350 | _a0 | ||
| 650 | _aREPORT WRITING | ||
| 710 |
_aDrivers Jonas _91941 |
||
| 942 | _n0 | ||
| 948 | _c04/03/1997 | ||
| 999 |
_c92950 _d92950 |
||